| 000 | 00497cam a2200193ua 4500 | ||
|---|---|---|---|
| 020 | _cIBH.157 | ||
| 041 |
_aeng _h |
||
| 082 |
_a633.18 _bCHA/PR |
||
| 100 | _aChatterjee, B N . | ||
| 245 |
_aPrinciples and practices of rice growing / _cS maiti. _hTextual Documents |
||
| 250 |
_a2 / _b. |
||
| 260 |
_aCalcutta : _bOxford & IBH Publishing company , _c1985. |
||
| 300 | _a419 ; . | ||
| 365 | _aIBH.157 | ||
| 504 | _a | ||
| 700 | 1 | _aMaiti, S . | |
| 942 | _cBK | ||
| 999 |
_c3206 _d3206 |
||